| 000 -LEADER |
| fixed length control field |
00922nam a22002057a 4500 |
| 001 - CONTROL NUMBER |
| control field |
21672 |
| 003 - CONTROL NUMBER IDENTIFIER |
| control field |
BD-DhUAP |
| 005 - DATE AND TIME OF LATEST TRANSACTION |
| control field |
20220803114240.0 |
| 008 - FIXED-LENGTH DATA ELEMENTS--GENERAL INFORMATION |
| fixed length control field |
220803b২০১১২০১৬bg ||||| |||| 00| 0 ben d |
| 020 ## - INTERNATIONAL STANDARD BOOK NUMBER |
| International Standard Book Number |
98484660142 |
| 040 ## - CATALOGING SOURCE |
| Original cataloging agency |
BD-DhUAP |
| Language of cataloging |
Ben |
| Transcribing agency |
BD-DhUAP |
| Modifying agency |
BD-DhUAP |
| Description conventions |
BD-DhUAP |
| 082 ## - DEWEY DECIMAL CLASSIFICATION NUMBER |
| Edition number |
23 |
| Classification number |
347.05 MIA |
| 100 ## - MAIN ENTRY--PERSONAL NAME |
| Personal name |
মিয়া,বিচারপতি ছিদ্দিকুর রহমান । |
| 245 ## - TITLE STATEMENT |
| Title |
আদালতের ব্যবহারিক কাযবিধি ও পদ্ধতি : |
| Remainder of title |
(দেওয়ানী ও ফৌজদারী) / |
| Statement of responsibility, etc. |
বিচারপতি ছিদ্দিকুর রহমান মিয়া । |
| 260 ## - PUBLICATION, DISTRIBUTION, ETC. |
| Place of publication, distribution, etc. |
ঢাকা : |
| Name of publisher, distributor, etc. |
নিউ ওয়াসী বুক কপোরেশন, |
| Date of publication, distribution, etc. |
২০১৬ । |
| 300 ## - PHYSICAL DESCRIPTION |
| Extent |
৮৭৯পৃ: |
| 650 ## - SUBJECT ADDED ENTRY--TOPICAL TERM |
| Topical term or geographic name entry element |
ফৌজদারী মামলা |
| 650 ## - SUBJECT ADDED ENTRY--TOPICAL TERM |
| Topical term or geographic name entry element |
আইন |
| 942 ## - ADDED ENTRY ELEMENTS (KOHA) |
| Source of classification or shelving scheme |
|
| Koha item type |
Book |